000 00334nam a22001457a 4500
003 OSt
005 20160727222405.0
008 160623b xxu||||| |||| 00| 0 eng d
040 _cTEST
100 _9802
_aRowlands, J
245 _aOne Hour Kites
260 _aNEW YORK
_bDRYAD PRESS
_c1989
300 _aOne Hour Kites
942 _2ddc
_cBK
999 _c641
_d641